History Quiz

Random History Quiz

Another 200 Year Quiz Stats

 Plays Quiz not verified by Sporcle

Challenge
Share
Tweet
Embed
Score 0/200 Timer 20:00
0 Plays Today
Event Year % Correct
Osama Bin Laden Killed2011
91.9%
Chernobyl Disaster1986
91%
Martin Luther King, Jr. Assassinated1968
89.9%
Montgomery Bus Boycotts 1955
89.6%
Castro becomes PM of Cuba1959
89%
New Deal Begins1933
87.6%
Texas Annexed into the United States1845
86.8%
First Nobel Prize Awarded1901
86.5%
Battle of the Bulge1944
86.4%
Battle of Yorktown1781
85.8%
Czechoslovakia Splits1992
85.8%
The Storming of the Bastille1789
85.7%
People's Republic of China Formed1949
84.8%
Mt. St. Helens Erupts1980
84.8%
California Gold Rush1848
84.8%
League of Nations formed1919
84.6%
Thatcher becomes PM of Britian1979
84.6%
Lennon Gunned Down1980
84%
NATO is Formed1949
83.6%
Olympic Isreali Hostage/Murders at Munich1972
83.6%
Dust Bowl Begins1930
83.4%
Marshall Plan1948
83.3%
Battle of Trafalgar1805
82.7%
South Sudan Becomes a Nation2011
82.7%
Earhart Disappears in Flight1937
82.6%
Ronald Reagan Dies2004
82.2%
Wounded Knee Massacre1890
81.9%
Joan of Arc burns at the Stake1431
81.7%
Apple Company Formed1976
81.6%
Cuban Revolution begins1953
81.3%
The Jungle published1906
81.2%
Yugoslav War begins1991
81.2%
18th Amendment (Prohibition)1920
80.9%
Nero becomes Roman Emporer54
80.8%
Bloody Sunday (Russia)1905
80.5%
Roosevelt elected President 3rd Cons. Time1940
80.2%
Iran-Contra Affair Becomes Public1986
79.9%
Carter finds King Tut's Tomb1922
79.8%
Wilson's Fourteen Points1918
79.8%
Haitian Revolution Begins1791
79.6%
Lief Ericson Discovers North America1000
79.6%
Boston Massacre1770
79.6%
Cold War officially ends1990
79.6%
Monroe Doctrine1823
79.5%
Aleric sacks Rome410
79.4%
Eiffel Tower Completed1889
79.4%
The Manhattan Project Begins1942
79.4%
Salem Witch Trails1692
78.8%
Boston Tea Party1773
78.8%
1st Bull Run (Manassas)1861
78.7%
Monroe Doctrine1823
78.7%
Apollo 8 Mission1968
78.7%
Pablo Escobar Gunned Down1993
78.2%
Sputnik 1 & 2 Launched1957
78.1%
First Opium War begins1839
77.9%
Zachary Taylor Dies in Office1850
77.5%
Emancipation Proclamation1863
77.5%
U.S. takes control of Panama Canal Building 1907
77.4%
First 'Red Scare' begins1919
77.1%
Israel becomes a Nation1948
77.1%
Houdini dies 1926
77%
Jonestown Massacre1978
77%
Royal Society of Fellows Begins1660
76.8%
Peasant's Revolt1381
76.7%
Tiananmen Square Protests/Massacre1989
76.7%
Robespierre Executed1794
76.4%
Paine's Common Sense Published1777
76.3%
Event Year % Correct
Trail of Tears1838
76.3%
Thomas Becket Murded1170
75.7%
Great Fire of Rome64
75.6%
Plessy vs Ferguson1896
75%
Battle of New Orleans1815
75%
NAACP Formed1909
74.9%
Spain cecedes Florida to the U.S.1819
74.9%
Cook killed in Hawaii1779
74.9%
Death of Benjamin Franlkin1790
74.9%
Diary of Anne Frank published1947
74.7%
Russo-Japanese War Begins1904
74.7%
Da Vinci dies1519
74.4%
King Leopold II colonizes Congo 1885
74.4%
First Seminole Wars1816
74.3%
Panama Canal Completed1914
74.3%
Jackie Robinson is first Black in MLB1947
73.9%
Al Capone imprisoned1931
73.9%
Trotsky exiled 1931
73.7%
Irish Potato Famine commences1845
73.6%
Brown vs Board of Education1954
73.6%
Lenin dies1924
73.6%
Soviet Union Collapses1991
73.6%
Bonnie & Clyde Gunned Down 1934
73.3%
Mary Queen of Scots Executed1587
73.2%
William Penn establishes Pennsylvania1682
73.2%
First Nobel Prize awarded1901
73.2%
Pullman Strike1894
73%
Construction Begins on Berlin Wall1961
73%
Harding Dies in Office1923
72.9%
Ottoman Empire formed1299
72.6%
Issac Newton Born1642
72.5%
The Warsaw Pact1955
72.3%
Chinese Exclusion Act1882
72.2%
Wilheim becomes emperer of Germany1871
72.2%
Prince Henry Starts School of Navigation1418
72.1%
Acts of Union1707
72.1%
Battle of Mogadishu1993
71.9%
Hong Kong released from British Control1997
71.8%
Yihtzak Rabin Assassinated1995
71.6%
Clovis becomes King of the Franks481
71.5%
War of the Roses begins1455
71.5%
Joan of Arc Burned at the Stake1431
71.5%
Edict of Nantes1598
71.3%
Hildalgo Executed1811
71.3%
The Crusaders seize Jerusalem1099
71.3%
Philippines gains freedom from the U.S.1946
71.1%
Salk finds Polio vaccination1953
71.1%
Philippine-American War begins1899
70.8%
Ireland becomes Free State1922
70.8%
Battle of Manzikert1071
70.4%
Scopes Trial1925
70.4%
Battle of San Juan Hill1898
70.2%
Nehru becomes PM of India1947
70.1%
Yasser Arafat dies2004
70.1%
Battle of Yarmouk636
69.9%
British East India Company Found1600
69.9%
Catherine the Great become Empress1762
69.8%
Earthquake of the Mississippi Valley1812
69.8%
St. Petersburg named Capital of Russia1703
69.5%
Hertz discovers Radio Waves1888
69.5%
Great Leap Forward begins1958
69.5%
Indira Gahndi assassinated1984
69.5%
Great Fire of Rome64
69.5%
Elizabeth I becomes Queen1558
69.2%
Brazil abolishes Slavery1888
69.1%
Reconstruction Ends1877
69%
Assize of Arms1252
68.7%
Event Year % Correct
War of the Roses begins1455
68.7%
Petra Discovered1812
68.4%
Sueilman I Born1494
68%
Treaty of Ghent1814
68%
Huey Long assassinated1936
67.8%
Polo Returns from China1295
67.7%
Akbar becomes King of the Moguls1555
67.3%
Siege of Malta1565
67.3%
Shaka (Zulu) Murdered1828
67.1%
Richard the Lion-Hearted dies1199
67%
Gaileo modifies the Telescope1611
66.7%
Black Death (Great Plague) begins1347
66.6%
Second Russo-Turkish Wars1787
66.3%
Tamerlane destorys Delhi1398
66.3%
Machu Picchu Discovered1911
66.2%
Edo/Shogun Period ends in Japan1868
65.9%
Ivan IV becomes Grand Prince1533
65.3%
First Great Awakening Begins1720
65.3%
Alfred the Great becomes King871
65.2%
When Siam became Thailand1939
65%
Smallpox Vaccination Discovered1796
64.9%
Mendeleev presents the Periodic Table1869
64.7%
Chiang Kai-Shek becomes Chairman1928
64.7%
Earthquake destroys Pharos Lighthouse*1303
64.5%
Republic of Liberia founded1847
64.5%
Pablo Picasso is born1881
64.2%
Alfred the Great dies899
64%
Ming Dynasty Falls1645
63.9%
Montezuma II becomes Aztec Emporer1502
63.6%
Holy Roman Empire Ceases1806
63.5%
Charles I Beheaded1649
63.3%
Battle of Château-Thierry1918
63.2%
Blackbeard killed1718
63.2%
Morzart Dies1791
62.9%
Romans & Visigoths stop Attila the Hun452
62.6%
Black Death (Great Plague) ends1351
62.5%
English seize New Amsterdam; becomes New York1664
62.4%
Siege of Tenochititlan1521
62.4%
Edward the Confessor becomes King1042
61.1%
Taj Mahal completed1653
61.1%
Dissolution of the Monasteries1533
61.1%
Pizarro Murdered1541
61%
Treaty of Karlowitz1699
60.8%
Genghis Khan dies1227
60.3%
Muslim (Umayyad) conquest of Hispania711
60%
Battle of Sterling Bridge1297
59.7%
The Great Schism1054
59.7%
De Soto discovers the Mississippi River1541
59.6%
Mongol Empire Begins1206
59.3%
Treaty of Nanking1842
58.7%
Plague of Justinian begins541
58.3%
1st Scottish War of Independence begins1296
58.3%
Ponce de Leon dies1521
58%
Siege of Orléans began1428
57.6%
Jingkang Incident1127
57.3%
Second Crusades begin1145
57%
Battle of Bannockburn1314
56.3%
First Sino-Japanese War1894
56.2%
Song Dynasty Begins960
56%
Henry IV (France) is Assassinated1610
55.9%
Richelieu becomes PM of France1624
55.6%
Otto I is crowned Holy Roman Emporer962
54.9%
Mansa Musa arrives at Mecca1324
54.1%
Battle of Campaldino1289
51.8%
King Philip II becomes King of Spain1556
50.6%
Mughal Empire ends1857
47.8%

You're not logged in!

Compare scores with friends on all Sporcle quizzes.
OR
Log In

You Might Also Like...

Show Comments

Extras

Created Sep 30, 2011ReportNominate
Tags:event

Top Quizzes Today


Score Distribution

Your Account Isn't Verified!

In order to create a playlist on Sporcle, you need to verify the email address you used during registration. Go to your Sporcle Settings to finish the process.

Report this User

Report this user for behavior that violates our Community Guidelines.

Details: